000 00937nam a22002777a 4500
003 MX-MxUPN
005 20240925065307.0
008 240426t1985 mx ||||gr|||| 001 0 spa d
020 _a9682201969
040 _aMX-MxUPN
_bspa
_cMX-MxUPN
041 _aspa
_hfre
050 0 4 _aBD701
_bE558 1985
100 1 _aEliade, Mircea,
_d1907-1986
_933710
240 1 3 _aLe mythe de l'eternel retour : archétypes et répétitions.
_lEspañol
245 1 3 _aEl mito del eterno retorno
260 _aMéxico, D.F :
_bOrigen :
_bPlaneta,
_c©1985.
300 _aix, 164 páginas
490 0 _aObras maestras del pensamiento contemporáneo ;
_v24
504 _aIncluye índice y bibliografía.
650 4 _aReligión
_98129
650 4 _aMitología
_99786
650 4 _951843
_aHistoria
_xAspectos religiosos
700 1 _951842
_aAnaya, Ricardo
_etraducción
902 _aDaniela Badillo 26-04-24
_bMaríaRobles/060524
942 _2lcc
_cLIBRO
_n0
999 _c211163
_d211163